Marketingová podpora a jej využitie v oblasti bioenergetiky diplomová práca

Uložené v:
Podrobná bibliografia
Hlavný autor: Gumánová, Dominika
Korporativný autor: Podnikovohospodárska fakulta EU so sídlom v Košiciach. Katedra marketingu a obchodu
Ďalší autori: Andrejovský, Pavol, 1975-
Médium: Kniha
Jazyk:Slovak
Vydavateľské údaje: Košice 2014
Tagy: Pridať tag
Žiadne tagy, Buďte prvý, kto otaguje tento záznam!

MARC

LEADER 00000nbm a2200000 4500
001 0187109
005 20170201084753.3
041 0 |a slo 
044 |a SK 
245 1 0 |a Marketingová podpora a jej využitie v oblasti bioenergetiky  |b diplomová práca  |c Dominika Gumánová ; školiteľ: Pavol Andrejovský 
264 1 |a Košice  |c 2014 
300 |a 65 s. 
100 1 |a Gumánová, Dominika 
700 1 |a Andrejovský, Pavol, 1975- 
710 2 |a Podnikovohospodárska fakulta EU so sídlom v Košiciach. Katedra marketingu a obchodu